Essays english, American & Filipino
Đã lưu trong:
| Hovedforfatter: | |
|---|---|
| Format: | Bog |
| Sprog: | Undetermined |
| Udgivet: |
Manila
Bardavon Book Company
1950
|
| Fag: | |
| Tags: |
Tilføj Tag
Ingen Tags, Vær først til at tagge denne postø!
|
| Thư viện lưu trữ: | Trung tâm Học liệu Trường Đại học Cần Thơ |
|---|
| LEADER | 00482nam a2200181Ia 4500 | ||
|---|---|---|---|
| 001 | CTU_92846 | ||
| 008 | 210402s9999 xx 000 0 und d | ||
| 082 | |a 808.84 | ||
| 082 | |b R791 | ||
| 100 | |a Roseburg, Arturo G. | ||
| 245 | 0 | |a Essays english, American & Filipino | |
| 245 | 0 | |c Arturo G. Roseburg | |
| 260 | |a Manila | ||
| 260 | |b Bardavon Book Company | ||
| 260 | |c 1950 | ||
| 650 | |a Essays | ||
| 904 | |i Tuyến | ||
| 980 | |a Trung tâm Học liệu Trường Đại học Cần Thơ | ||